| 000 | 00351 a2200145 4500 | ||
|---|---|---|---|
| 003 | OSt | ||
| 005 | 20180116182626.0 | ||
| 008 | 160425b xxu||||| |||| 00| 0 eng d | ||
| 040 | _c0 | ||
| 082 | _a519.5 BER | ||
| 100 | _aG C BERI | ||
| 245 | _aSTATISTICS FOR MANAGMENT | ||
| 260 |
_aTATA MCGRAW HILL INDIAN _c2003 |
||
| 942 |
_aNBS _cBK _k519.5 BER _2ddc |
||
| 999 |
_c342966 _d342966 |
||